000 00876nam a2200217Ia 4500
999 _c38351
_d38351
003 OSt
005 20210323120845.0
008 160316s2014 xxu||||| |||| 00| 0 eng d
020 _a9780198713739
040 _cn
082 _a340.900000
_bBRI
100 _aBriggs Adrian
245 _aPrivate international law in English courts
260 _aLondon
_bOxford University Press
_c2014
300 _a1064p
_cxlix
365 _bRs. 20,514
505 _aTable of Contents 1:Introduction; 2:European law techniques; 3:Common law techniques; 4:Jurisdiction; 5:Judicial assistance; 6:Foreign judgments; 7:Contractual obligations; 8:Non contractual obligations; 9:Property; 10:Corporations; 11:Insolvency; 12:Adult relationships; 13:Children; 14:Arbitration
650 _a1.Conflict of Laws - Private International Law - U K
700 _a
_a
942 _2ddc
_cBK